| 000 | 04687cgm a2200949 i 4500 | ||
|---|---|---|---|
| 001 | on1341368655 | ||
| 003 | OCoLC | ||
| 005 | 20221207172649.0 | ||
| 007 | vd cvaizq | ||
| 008 | 220818s2022 xxu168 vleng d | ||
| 040 |
_aTEFMT _beng _erda _cTEFMT _dTEF _dOCLCF _dUAP _dGO4 _dYEQ _dWACOL |
||
| 024 | 1 | _a767685167755 | |
| 028 | 4 | 2 |
_aHM6775 _bHallmark Channel |
| 035 | _a(OCoLC)1341368655 | ||
| 037 |
_bMidwest Tape _nhttp://www.midwesttapes.com |
||
| 041 | 0 |
_aeng _peng _heng |
|
| 046 |
_k2021 _2edtf |
||
| 050 | 4 |
_aPN1997.2 _b.S57 2022 |
|
| 082 | 0 | 4 |
_a791.43/75 _223/eng/20220824 |
| 092 |
_advd _bSister |
||
| 049 | _aWACL | ||
| 245 | 0 | 0 |
_aSister swap, a hometown holiday ; _bSister swap, Christmas in the city / _cdirected by Sean McNamara ; writers, Erik Patterson, Jessica Scott, Claire Boyles. |
| 246 | 3 | 0 | _aHometown holiday |
| 246 | 3 | _aHome town holiday | |
| 257 |
_aUnited States _2naf |
||
| 264 | 1 |
_a[United States] : _bHallmark Channel ; _aNew York, NY : _bCinedigm, _c[2022] |
|
| 300 |
_a1 videodisc (168 min.) ; _c4 3/4 in. |
||
| 336 | _atwo-dimensional moving image | ||
| 337 | _avideo | ||
| 338 | _avideodisc | ||
| 344 |
_adigital _2rdatr |
||
| 344 |
_boptical _2rdarm |
||
| 344 |
_gsurround _2rdacpc |
||
| 344 | _hDolby Digital | ||
| 347 |
_avideo file _2rdaft |
||
| 347 | _bDVD video | ||
| 380 |
_aMotion pictures _2lcgft |
||
| 538 | _aDVD. | ||
| 546 | _aClosed-captioned; subtitled for the deaf and hard of hearing (SDH). | ||
| 500 | _aTitle from container. | ||
| 500 | _a"Countdown to Christmas"--Container. | ||
| 500 | _a"2-movie collection"--Container. | ||
| 511 | 1 | _aAshley Williams, Mark Deklin, Keith Robinson, Kimberly Williams-paisley. | |
| 500 | _aWide screen. | ||
| 521 | 8 | _aRating: Not rated. | |
| 520 | _aJennifer and Meg Swift are sisters who couldn't be closer despite living hours apart. Jennifer is in Salt Lake City, running a successful restaurant she started with her late husband and raising her teenage son Simon. Meg stayed in their hometown of Hazelwood, helping their parents run the local bakery. This Christmas is the family's first since the passing of Uncle Dave who owned the town's beloved theater, The Madison, where many memories were made over the years. When Jennifer and Simon return home for the holiday, they become wistful for one more Christmas at The Madison, despite it being for sale and in need of repairs. Meanwhile, Meg is helping Jennifer's restaurant staff in Salt Lake prepare for a Christmas competition among local restaurants with the winner earning money for the charity of its choice. With the sisters switching cities leading up to the holiday, they find a new sense of purpose and discover what they both truly need in life and love. | ||
| 500 | _aOriginally produced for television in 2021. | ||
| 521 |
_advd _bmicromarketing |
||
| 650 | 0 |
_aSisters _vDrama. _95712045 |
|
| 650 | 0 |
_aFamilies _vDrama. _95675607 |
|
| 650 | 0 |
_aRestaurants _vDrama. _96368921 |
|
| 650 | 7 |
_aChristmas plays. _2fast _0(OCoLC)fst00859836 |
|
| 650 | 7 |
_aFamilies. _2fast _0(OCoLC)fst01728849 |
|
| 650 | 7 |
_aRestaurants. _2fast _0(OCoLC)fst01095907 |
|
| 650 | 7 |
_aSisters. _2fast _0(OCoLC)fst01119758 |
|
| 655 | 7 |
_aComedy films. _2fast _0(OCoLC)fst01710291 |
|
| 655 | 7 |
_aDrama. _2fast _0(OCoLC)fst01423879 |
|
| 655 | 7 |
_aFeature films. _2fast _0(OCoLC)fst01710384 |
|
| 655 | 7 |
_aFiction films. _2fast _0(OCoLC)fst01710264 |
|
| 655 | 7 |
_aRomance films. _2fast _0(OCoLC)fst01710332 _95675183 |
|
| 655 | 7 |
_aVideo recordings for the hearing impaired. _2fast _0(OCoLC)fst01710450 |
|
| 655 | 7 |
_aComedy films. _2lcgft |
|
| 655 | 7 |
_aRomance films. _2lcgft _95675183 |
|
| 655 | 7 |
_aMade-for-TV movies. _2lcgft |
|
| 655 | 7 |
_aVideo recordings for the hearing impaired. _2lcgft |
|
| 655 | 7 |
_aChristmas films. _2lcgft _95675361 |
|
| 655 | 7 |
_aFiction films. _2lcgft |
|
| 700 | 1 |
_aPatterson, Erik, _escreenwriter. _96227041 |
|
| 700 | 1 |
_aScott, Jessica _c(Screenwriter) _96456051 |
|
| 700 | 1 |
_aBoyles, Claire, _escreenwriter. _96423032 |
|
| 700 | 1 |
_aMcNamara, Sean, _d1963- _efilm director. _964930 |
|
| 700 | 1 |
_aWilliams, Ashley, _d1978- _eactor. _95806864 |
|
| 700 | 1 |
_aDeklin, Mark, _d1967- _eactor. _96208836 |
|
| 700 | 1 |
_aRobinson, Keith, _d1976- _eactor. _96236355 |
|
| 700 | 1 |
_aWilliams-Paisley, Kimberly, _d1971- _eactor. _96211999 |
|
| 710 | 2 |
_aHallmark Channel (Television network), _epublisher. _95690645 |
|
| 710 | 2 |
_aCinedigm (Firm), _epublisher. _95724938 |
|
| 710 | 2 |
_aCrown Media Productions, _epresenter. _95739816 |
|
| 730 | 0 | 2 |
_iContainer of (work): _aSister swap: Christmas in the city. _96459259 |
| 740 | 0 | 2 | _aChristmas in the city. |
| 994 |
_aC0 _bWACOL |
||
| 999 |
_c379355 _d379355 |
||